Statistics for 10 Countries with most Mcdonald restaurants

Click here to take the quiz!

General Stats

  • This quiz has been taken 97 times
  • The average score is 9 of 10

Answer Stats

Restaurants Answer % Correct
14267USA
100%
2204China
99%
2975Japan
97%
1470Germany
96%
1419France
95%
1427Canada
92%
1274UK
91%
920Australia
84%
812Brazil
84%
609Russia
83%

Score Distribution

Percentile by Number Answered

Percent of People with Each Score

Your Score History

You have not taken this quiz